000 00606 a2200229 4500
005 20260406151801.0
008 260406b |||||||| |||| 00| 0 eng d
020 _a9789356060876
_cRs. 970.00
040 _aMAIN
082 _a658.403
_bL365M(17)
100 _aLaudon, Kenneth C
245 _aManagement information system: Managing the digital firm
250 _a17th
260 _bPearson India
_aNoida
_c2026
300 _av.
650 _aManagement
650 _aInformation Management
650 _aInformation Systems
700 _aLaudon, Jane P
700 _aSahil Raj
942 _cBK
999 _c396936
_d396936